Urbanización en el Caribe /
Uloženo v:
| Hlavní autor: | |
|---|---|
| Další autoři: | |
| Médium: | Text |
| Vydáno: |
San José:
FLACSO
|
| Tagy: |
Přidat tag
Žádné tagy, Buďte první, kdo vytvoří štítek k tomuto záznamu!
|
MARC
| LEADER | 00000 a a2200000 04500 | ||
|---|---|---|---|
| 001 | 23402 | ||
| 003 | |||
| 040 | |||
| 020 | |a 9977-68-032-9 | ||
| 090 | |a 162100 | ||
| 100 | |a Portes, Alejandro | ||
| 245 | |a Urbanización en el Caribe / |c Alejandro Portes | ||
| 260 | |a San José: |b FLACSO | ||
| 300 | |a 352 p |b **no definido** |b map. | ||
| 700 | |a Lungo Ucles, Mario | ||
| 999 | |c 2027 |d 2027 | ||



